Statistics for Nearest Capital City #1

Click here to take the quiz!

General Stats

  • This quiz has been taken 34,127 times
    (33,642 since last reset)
  • The average score is 13 of 20

Answer Stats

LocationNearest Capital% Correct
Mt. FujiTokyo
97%
Grand CanyonMexico City
86%
Niagara FallsOttawa
85%
Aegean SeaAthens
84%
Suez CanalCairo
83%
TasmaniaCanberra
82%
CorsicaRome
81%
Volga RiverMoscow
76%
Mt. EverestKathmandu
76%
Dead SeaJerusalem
75%
Mont BlancBern
67%
Galapagos IslandsQuito
65%
North PoleReykjavik
63%
South PoleWellington
59%
Mt. KilimanjaroNairobi
56%
Canary IslandsRabat
49%
BermudaWashington D.C.
47%
CuraçaoCaracas
41%
Caspian SeaBaku
40%
ZanzibarDodoma
29%

Score Distribution

Percentile by Number Answered

Percent of People with Each Score

Your Score History

You have not taken this quiz since the last reset